| 000 | 02433nam a22003977a 4500 | ||
|---|---|---|---|
| 005 | 20080710152157.0 | ||
| 008 | 940715s1995 nyuab j 001 0 eng | ||
| 010 | _aB-270011-016 | ||
| 020 |
_a0753405113 _c10312.50 (set of 24 vol.) |
||
| 035 | _aB-270011-016 | ||
| 037 | _aG-04-0021 07.05.08 | ||
| 040 |
_aDLC _bEN |
||
| 082 | _a932 | ||
| 100 | _aSteele, Philip, | ||
| 245 |
_aI wonder why pyramids were built? and other questions about ancient Egypt / _cby Philip Steele. |
||
| 260 |
_aLondon _bKingfisher _c1995. |
||
| 260 |
_aDelhi _bGrolier International (Vendor) _c2007 |
||
| 300 |
_a32 p. : _bcol. ill., col. map ; _c30 cm. |
||
| 500 | _aIncludes index. | ||
| 651 |
_aEgypt _xCivilization _yTo 332 B.C. _xJuvenile literature. |
||
| 651 |
_aEgypt _xSocial life and customs _yTo 332 B.C. _xJuvenile literature. |
||
| 651 |
_aEgypt _xCivilization _yTo 332 B.C. |
||
| 830 | _aI wonder why (New York, N.Y.) | ||
| 856 | _uhttp://www.loc.gov/catdir/description/hm021/94030244.html | ||
| 856 | _uhttp://www.loc.gov/catdir/enhancements/fy0736/94030244-b.html | ||
| 942 |
_2ddc _cCH _h932 _mSTE |
||
| 999 |
_c14387 _d14387 |
||